000 00756nam a2200241 a 4500
001 000021512
005 20200930011342.0
008 100908s1999 ag 000 0 spa d
020 _a9500821281
040 _aDO-SdBNP
_bspa
_cBNPHU
041 1 7 _aspa
_heng
_2Código de idiomas MARC
082 _a813.54
_bL626v
100 1 _aLescroart, John.
_944831
240 1 0 _aThe mercy rule.
_lEspañol
245 1 0 _aVeredicto final /
_cJohn Lescroart ; traducción Antonio Bonanno.
260 _aBuenos Aires :
_bAtlantida,
_c1999.
300 _a397 p. ;
_c23 cm.
534 _aTítulo original :
_tThe mercy rule
650 4 _aNovela estadounidense
_9262
650 4 _aLiteratura estadounidense
_9263
700 1 _aBonanno, Antonio,
_etr.
_99085
049 _aBNGR
999 _c21012
_d21012